A strange kind of paradise : (Record no. 88774)

MARC details
000 -LEADER
fixed length control field 01071nam a2200289Ia 4500
005 - DATE AND TIME OF LATEST TRANSACTION
control field 20170724122215.0
010 ## - LCCN (DPL NO)
LC control number BAC-EN21 ENG-111941
020 ## - INTERNATIONAL STANDARD BOOK NUMBER
International Standard Book Number 9780670085385
Terms of availability 599.00
020 ## - INTERNATIONAL STANDARD BOOK NUMBER
International Standard Book Number 9780143424024
Terms of availability 399.00 (AV)
035 ## - SYSTEM CONTROL NUMBER
System control number EN-95473
035 ## - SYSTEM CONTROL NUMBER
System control number B-579885-898
035 ## - SYSTEM CONTROL NUMBER
System control number B-667310
037 ## - SOURCE OF ACQUISITION
Source of stock number/acquisition Aakar Books/Ven
Stock number dpl
037 ## - SOURCE OF ACQUISITION
Source of stock number/acquisition DBAD/PUB
082 ## - DEWEY DECIMAL CLASSIFICATION NUMBER
Classification number 954
100 ## - MAIN ENTRY--PERSONAL NAME
Personal name Miller, Sam
245 ## - TITLE STATEMENT
Title A strange kind of paradise :
Statement of responsibility, etc by Sam Miller
Remainder of title India through foreign eyes /
246 ## - VARYING FORM OF TITLE
Title proper/short title India through foreign eyes
260 ## - PUBLICATION, DISTRIBUTION, ETC. (IMPRINT)
Date of publication, distribution, etc 2014
Place of publication, distribution, etc New Delhi
Name of publisher, distributor, etc Penguin Books
270 ## - ADDRESS
Address 11 Community Centre, Panchsheel Park
City New Delhi
Postal code 110017
300 ## - PHYSICAL DESCRIPTION
Dimensions 24cm(Hb)
Extent ix,427p. :
Other physical details ill.,maps
500 ## - GENERAL NOTE
General note Includes index
650 ## - SUBJECT ADDED ENTRY--TOPICAL TERM
Topical term or geographic name as entry element Visitors, Foreign
Geographic subdivision India.
942 ## - ADDED ENTRY ELEMENTS (KOHA)
Item type English Books
Source of classification or shelving scheme Dewey Decimal Classification
Call number suffix MIL
Classification part 954
Holdings
Withdrawn status Lost status Not for loan Collection code Home library Current library Date acquired Source of acquisition Cost, normal purchase price Full call number Barcode Copy number Cost, replacement price Koha item type
      Non-fiction Andrews Gunj Andrews Gunj 25/06/2015 Aakar Books/1-1378/15.12.2014/167/08.12.2014/30.12.2014 599.00 954 MIL B-579892 1 599.00 English Books
      Non-fiction Ashok Vihar Ashok Vihar 24/07/2017 BPPD/EN/2014-15/AV/16-17/412/15.2.2017/I-3324/01.03.2017/ 17.3.2017 399.00 954 MIL B-667310 1 399.00 English Books
      Non-fiction Bawana Bawana 25/06/2015 Aakar Books/1-1378/15.12.2014/167/08.12.2014/30.12.2014 599.00 954 MIL B-579898 1 599.00 English Books
      Non-fiction Central Library Central Library 25/06/2015 Aakar Books/1-1378/15.12.2014/167/08.12.2014/30.12.2014 599.00 954 MIL B-579885 1 599.00 English Books
    Not For Loan Reference Central Library Central Library 25/06/2015 Aakar Books/1-1378/15.12.2014/167/08.12.2014/30.12.2014 599.00 954 MIL B-579886 1 599.00 English Books
    Not For Loan Non-fiction D.B.Act.Division D.B.Act.Division 28/01/2015 DBAD/PUB 599.00 954 MIL EN-95473 1 599.00 English Books
      Non-fiction Janak Puri Janak Puri 25/06/2015 Aakar Books/1-1378/15.12.2014/167/08.12.2014/30.12.2014 599.00 954 MIL B-579890 1 599.00 English Books
      Non-fiction Karol Bagh Karol Bagh 25/06/2015 Aakar Books/1-1378/15.12.2014/167/08.12.2014/30.12.2014 599.00 954 MIL B-579896 1 599.00 English Books
      Non-fiction Kasturba Gandhi Marg Kasturba Gandhi Marg 25/06/2015 Aakar Books/1-1378/15.12.2014/167/08.12.2014/30.12.2014 599.00 954 MIL B-579888 1 599.00 English Books
      Non-fiction Narela Narela 25/06/2015 Aakar Books/1-1378/15.12.2014/167/08.12.2014/30.12.2014 599.00 954 MIL B-579897 1 599.00 English Books
      Non-fiction Patel Nagar Patel Nagar 25/06/2015 Aakar Books/1-1378/15.12.2014/167/08.12.2014/30.12.2014 599.00 954 MIL B-579887 1 599.00 English Books
      Non-fiction Peshwa Road Peshwa Road 25/06/2015 Aakar Books/1-1378/15.12.2014/167/08.12.2014/30.12.2014 599.00 954 MIL B-579889 1 599.00 English Books
      Non-fiction Sarojini Nagar Sarojini Nagar 25/06/2015 Aakar Books/1-1378/15.12.2014/167/08.12.2014/30.12.2014 599.00 954 MIL B-579891 1 599.00 English Books
      Non-fiction Sarojini Nagar Sarojini Nagar 25/06/2015 Aakar Books/1-1378/15.12.2014/167/08.12.2014/30.12.2014 599.00 954 MIL B-579894 1 599.00 English Books
      Non-fiction Sriniwas Puri Sriniwas Puri 25/06/2015 Aakar Books/1-1378/15.12.2014/167/08.12.2014/30.12.2014 599.00 954 MIL B-579893 1 599.00 English Books
      Non-fiction Vinoba Puri Vinoba Puri 25/06/2015 Aakar Books/1-1378/15.12.2014/167/08.12.2014/30.12.2014 599.00 954 MIL B-579895 1 599.00 English Books

© Delhi Public Library
Hit Counter
free hit counter